Návrh opatrení na zlepšenie pracovnej motivácie zamestnancov v podniku ISOVER, s.r.o.

Salvato in:
Dettagli Bibliografici
Autore principale: Miterková, Mária, 1991- (Autore)
Altri autori: Gyurák Babeľová, Zdenka, 1978- (Relatore della tesi)
Natura: Manoscritto Libro
Lingua:slovacco
Pubblicazione: Trnava : STU v Bratislave MTF UPMK, 2012
Soggetti:
Accesso online:VAIS
Tags: Aggiungi Tag
Nessun Tag, puoi essere il primo ad aggiungerne!!

MARC

LEADER 00000ntm a22000003a 4500
001 stu251274
005 20150617230204.1
008 120719s2012----xo------------------slo-d
040 |a STU  |b slo 
041 0 |a slo 
044 |a xo 
100 1 |a Miterková, Mária,  |d 1991-  |4 aut  |u M  |T MTF Materiálovotechnologická fakulta  |X 69504  |U M  |Y 60  |7 A000069504 
242 0 0 |a Proposal for an alteration of the motivation system at Isover, s.r.o.  |y eng 
245 1 |a Návrh opatrení na zlepšenie pracovnej motivácie zamestnancov v podniku ISOVER, s.r.o. 
260 |a Trnava :  |b STU v Bratislave MTF UPMK,  |c 2012 
300 |a 61s  |c CD ROM 
650 7 |a priemyselné manažérstvo  |2 stusub 
650 7 |a Industrial Management  |2 estusub 
650 7 |a motivation  |2 estusub 
650 7 |a správanie  |2 stusub 
650 7 |a zamestnanec  |2 stusub 
650 7 |a teórie  |2 stusub 
650 7 |a motivácia  |2 stusub 
700 1 |a Gyurák Babeľová, Zdenka,  |d 1978-  |4 ths  |u M4000  |U MTF Materiálovotechnologická fakulta  |T MTF Ústav priemyselného inžinierstva a manažmentu  |X 4411  |U M4000  |Y 84  |7 A000004411 
856 4 |a info a plný text  |u http://is.stuba.sk/zp/portal_zp.pl?podrobnosti=92041  |3 VAIS 
996 |c M*BP-5717  |l MMSKP  |s P  |a 0  |w stu251274_0001